000 00471nam a2200157Ia 4500
008 121011t2003 xxu||||| |||| 00| 0 sin d
041 _asin
080 _aX8S1
_bGUN
245 _aගණ දෙවි හෑල්ල සහ වදන් කවි පොත
246 _aGana Dhevi Hella Saha Vadhan Kavi Poth
260 _bM.D.Gunasena Samagama
_aColombo 11
_c2003
300 _b18p., 21 cm
942 _cBK
999 _c75045
_d75045
003 LK-CoDNM
040 _aLK-CoDNM
_dLK-CoDNM
_eLK-CoDNM